[Event "Open - Merged"]
[Site "Philadelphia"]
[Date "2001.07.06"]
[Round "5"]
[White "Pappu, Ananth"]
[Black "Shchukin, Sergey A"]
[Result "0-1"]
[WhiteElo "2078"]
[BlackElo "2221"]
[PlyCount "56"]
[EventDate "2001.07"]

1. e4 c5 2. Nf3 d6 3. d4 cxd4 4. Nxd4 Nf6 5. Nc3 a6 6. Bg5 e6 7. f4 Nc6 8. Nxc6
bxc6 9. Bxf6 Qxf6 10. Qf3 d5 11. O-O-O Rb8 12. e5 Qd8 13. Bd3 Qb6 14. Na4 Qa5
15. b3 Ba3+ 16. Kb1 Qxa4 17. Qe3 Qa5 18. Be2 Qc5 19. Qg3 g6 20. Rhf1 Bb4 21.
Rd3 d4 22. f5 gxf5 23. Bh5 Bc3 24. Rxf5 exf5 25. e6 Rb7 26. exf7+ Kd8 27. Qh4+
Kc7 28. Qg3+ Kb6 0-1

[Event "Open - Merged"]
[Site "Philadelphia"]
[Date "2001.07.06"]
[Round "5"]
[White "Rowley, Robert J"]
[Black "Formanek, Edward W"]
[Result "1/2-1/2"]
[WhiteElo "2302"]
[BlackElo "2349"]
[PlyCount "27"]
[EventDate "2001.07"]

1. e4 e6 2. d4 d5 3. Nc3 Bb4 4. exd5 exd5 5. Bd3 Nf6 6. Nge2 O-O 7. O-O c6 8.
Bf4 Re8 9. Ng3 Bg4 10. Nce2 Nh5 11. Nxh5 Bxh5 12. c3 Bd6 13. Bxd6 Qxd6 14. Qd2
1/2-1/2

[Event "Open - Merged"]
[Site "Philadelphia"]
[Date "2001.07.06"]
[Round "5"]
[White "Rubenchik, Rodion"]
[Black "Kececioglu, John D"]
[Result "1-0"]
[WhiteElo "2366"]
[BlackElo "1909"]
[PlyCount "69"]
[EventDate "2001.07"]

1. Nf3 e6 2. c4 b6 3. g3 Bb7 4. Bg2 g5 5. h3 Bg7 6. d4 h6 7. Nc3 f5 8. e4 fxe4
9. Ne5 Nf6 10. h4 gxh4 11. Rxh4 d5 12. Be3 Nbd7 13. Ng6 Rh7 14. Bh3 Kf7 15.
Ne5+ Ke7 16. Ng6+ Kf7 17. Nf4 Nf8 18. Qb3 c6 19. O-O-O Bc8 20. Rh1 Ng6 21. Nxg6
Kxg6 22. Qd1 Kf7 23. Bf1 Qf8 24. Qd2 Ng8 25. f3 exf3 26. Bd3 Rh8 27. Rf4+ Nf6
28. Rxf3 Ke7 29. Rhf1 Qe8 30. Bf4 Ng4 31. cxd5 cxd5 32. Bc7 Qg8 33. Nxd5+ exd5
34. Qb4+ Ke8 35. Bg6+ 1-0

[Event "Open - Merged"]
[Site "Philadelphia"]
[Date "2001.07.06"]
[Round "5"]
[White "Shapiro, Daniel E"]
[Black "Goletiani, Rusudan"]
[Result "1-0"]
[WhiteElo "2280"]
[BlackElo "2339"]
[PlyCount "95"]
[EventDate "2001.07"]

1. d4 Nf6 2. c4 e6 3. g3 c5 4. d5 exd5 5. cxd5 Bd6 6. Bg2 O-O 7. Nc3 Bc7 8. Nf3
Ba5 9. O-O d6 10. Nd2 Re8 11. Re1 Bg4 12. a4 Nbd7 13. h3 Bh5 14. f4 Nb6 15. g4
Bxc3 16. bxc3 Nfxd5 17. Nf3 Qf6 18. f5 Nxc3 19. Bg5 Nxd1 20. Bxf6 Ne3 21. Bc3
Nc2 22. Ra2 Nxe1 23. Bxe1 Nd5 24. Nd4 Nf4 25. Nb5 Re3 26. Bf3 Rae8 27. Bd2
Nxe2+ 28. Kf2 R3e5 29. Nxd6 R8e7 30. Nc4 Rxf5 31. gxf5 Bxf3 32. Kxf3 Nd4+ 33.
Kf4 Re2 34. Rb2 Rf2+ 35. Ke3 Rf3+ 36. Ke4 b6 37. Be3 Rxh3 38. a5 Rh4+ 39. Kd5
Nxf5 40. Bxc5 h5 41. Nxb6 Rh1 42. Ke4 g6 43. Nd7 Ra1 {Diagram #} 44. Rb8+ Kh7
45. Bb4 Ra4 46. Ke5 Nh6 47. Nf6+ Kg7 48. Bf8+ 1-0

[Event "Open - Merged"]
[Site "Philadelphia"]
[Date "2001.07.06"]
[Round "5"]
[White "Solon, Nathan W"]
[Black "Paschall, William"]
[Result "1-0"]
[WhiteElo "2219"]
[BlackElo "2448"]
[PlyCount "53"]
[EventDate "2001.07"]

1. d4 Nf6 2. c4 e6 3. Nc3 Bb4 4. f3 c5 5. d5 Nh5 6. g3 f5 7. e4 O-O 8. e5 d6 9.
f4 {Diagram #} 9... g6 10. Be2 Qe8 11. Nf3 dxe5 12. fxe5 exd5 13. cxd5 f4 14.
gxf4 Nxf4 15. Bxf4 Rxf4 16. e6 Na6 17. O-O c4 18. Qd2 Bd6 19. Kh1 Qe7 20. Qe3
Nc5 21. Ne5 Rxf1+ 22. Rxf1 Qh4 23. Ng4 g5 24. Nb5 Be7 25. Rf7 Nd3 26. Bxd3 cxd3
27. Qe5 1-0

[Event "Open - Merged"]
[Site "Philadelphia"]
[Date "2001.07.06"]
[Round "5"]
[White "Traldi, Matthew"]
[Black "Stolerman, Jack"]
[Result "0-1"]
[WhiteElo "2262"]
[BlackElo "2087"]
[PlyCount "36"]
[EventDate "2001.07"]

1. e4 c5 2. Nf3 d6 3. d4 cxd4 4. Nxd4 Nf6 5. Nc3 a6 6. Be2 e6 7. O-O Qc7 8. f4
b5 9. Bf3 Bb7 10. e5 Nfd7 11. exd6 Bxd6 12. Bxb7 Qxb7 13. Nxe6 Qb6+ 14. Nd4 O-O
15. Qf3 Qxd4+ 16. Be3 Qxe3+ 17. Qxe3 Bc5 18. Rfe1 Nc6 0-1

[Event "Open - Merged"]
[Site "Philadelphia"]
[Date "2001.07.06"]
[Round "5"]
[White "Vyas, S ** USCF?."]
[Black "Beckman, Thomas J"]
[Result "1-0"]
[WhiteElo "2215"]
[BlackElo "2082"]
[PlyCount "47"]
[EventDate "2001.07"]

1. e4 e6 2. d4 d5 3. Nd2 Nf6 4. e5 Nfd7 5. f4 c5 6. c3 Nc6 7. Ngf3 Qb6 8. Nb3
Be7 9. Be2 f6 10. dxc5 Qc7 11. Nfd4 Nxc5 12. exf6 gxf6 13. Bh5+ Kd8 14. O-O Bd7
15. Be3 Nxb3 16. Qxb3 Na5 17. Qc2 Nc4 18. Bf2 Nd6 19. Rad1 Ne4 20. Nxe6+ Bxe6
21. Qxe4 Qd7 22. Qe2 Bd6 23. Rfe1 Bg8 24. Qe8+ 1-0

[Event "Open - Merged"]
[Site "Philadelphia"]
[Date "2001.07.06"]
[Round "5"]
[White "Weber, Joseph V"]
[Black "Patterson, Roger"]
[Result "1-0"]
[WhiteElo "2200"]
[BlackElo "2327"]
[PlyCount "75"]
[EventDate "2001.07"]

1. e4 c5 2. Nf3 d6 3. d4 cxd4 4. Nxd4 Nf6 5. Nc3 e6 6. g4 a6 7. Bg2 Qc7 8. g5
Nfd7 9. Qh5 g6 10. Qh3 Nc6 11. Nxe6 fxe6 12. Qxe6+ Be7 13. Nd5 Qd8 14. Be3 Nc5
15. Nf6+ Kf8 16. Qc4 Be6 17. Qc3 Qa5 18. Qxa5 Nxa5 19. b4 Nc4 20. bxc5 Nxe3 21.
fxe3 dxc5 22. a4 b6 23. h4 Rb8 24. h5 gxh5 25. Rxh5 Kg7 26. Rh6 Bxf6 27. Rxf6
Rhe8 28. O-O-O Re7 29. Rd6 Bd7 30. Rxb6 Rxb6 31. Rxb6 Bxa4 32. Rxa6 Be8 33. Kd2
Re5 34. Ra7+ Bf7 {Diagram #} 35. Bh3 Rxe4 36. Bf5 Re5 37. e4 Kg8 38. Kd3 1-0

[Event "Open - Merged"]
[Site "Philadelphia"]
[Date "2001.07.06"]
[Round "5"]
[White "Zaitshik, Gennadi"]
[Black "Blanco, Cristobal"]
[Result "1-0"]
[WhiteElo "2568"]
[BlackElo "2312"]
[PlyCount "77"]
[EventDate "2001.07"]

1. Nf3 c5 2. c4 Nc6 3. d4 cxd4 4. Nxd4 g6 5. e4 Bg7 6. Be3 Nf6 7. Nc3 Ng4 8.
Qxg4 Nxd4 9. Qd1 Ne6 10. Qd2 d6 11. Be2 Bd7 12. O-O O-O 13. Rab1 a5 14. Rfd1
Bc6 15. Bh6 Nc5 16. Bxg7 Kxg7 17. f3 f6 18. b3 h5 19. Bf1 Qb6 20. Qe3 Na4 21.
Qxb6 Nxb6 22. h4 g5 23. g3 Nd7 24. Kf2 f5 25. hxg5 fxe4 26. f4 e5 27. Ke3 h4
28. Bh3 hxg3 29. f5 Nc5 30. Rxd6 Rh8 31. Bg2 Rh4 32. Nd5 Rh2 33. Rg1 Rah8 34.
Ne7 Be8 35. f6+ Kf7 36. Rd5 b6 37. Rxc5 Rxg2 38. Rxg2 bxc5 39. Rxg3 1-0

[Event "Open - Merged"]
[Site "Philadelphia"]
[Date "2001.??.??"]
[Round "6"]
[White "Adu, Oladapo"]
[Black "Van Delft, Meryn"]
[Result "1/2-1/2"]
[WhiteElo "2253"]
[BlackElo "2386"]
[PlyCount "50"]
[EventDate "2001.07"]

1. e4 c5 2. Nf3 d6 3. Nc3 Nc6 4. Bb5 Bd7 5. d4 cxd4 6. Nxd4 g6 7. Be3 Bg7 8.
O-O Nf6 9. Be2 O-O 10. h3 Nxd4 11. Bxd4 Bc6 12. Bf3 Nd7 13. Be2 Nf6 14. Bf3 Nd7
15. Be2 Bxd4 16. Qxd4 Qb6 17. Qxb6 Nxb6 18. Rfd1 f5 19. exf5 gxf5 20. b4 Rac8
21. Bd3 Kf7 22. a4 Rg8 23. f3 Nc4 24. b5 Bd7 25. f4 e6 1/2-1/2

[Event "Open - Merged"]
[Site "Philadelphia"]
[Date "2001.07.07"]
[Round "6"]
[White "Ashley, Maurice A"]
[Black "Kalikshteyn, Alexander"]
[Result "1-0"]
[WhiteElo "2583"]
[BlackElo "2366"]
[PlyCount "121"]
[EventDate "2001.07"]

1. e4 c5 2. Nf3 d6 3. d4 cxd4 4. Nxd4 Nf6 5. Nc3 g6 6. Be3 Bg7 7. f3 Nc6 8. Qd2
O-O 9. O-O-O Nxd4 10. Bxd4 Be6 11. Kb1 Qc7 12. g4 Rfc8 13. h4 Qa5 14. Qg5 b5
15. Qxb5 Qc7 16. Qa4 Rab8 17. Ba6 Bd7 18. Nb5 Qc6 19. Bxc8 Qxc8 20. Bxa7 Qb7
21. c4 Ra8 22. Rd3 Bxb5 23. Qxb5 Qxa7 24. Ra3 Qb8 25. Rc1 Qc8 26. Rxa8 Qxa8 27.
c5 dxc5 28. Qxc5 Bf8 29. Qc6 Qa7 30. e5 Nd7 31. e6 Ne5 32. Qe4 Qa5 33. a3 fxe6
34. f4 Nf7 35. Qxe6 Qd2 36. f5 gxf5 37. Qxf5 Qd8 38. Rc8 Qd4 39. g5 Qe3 40. Ka2
e6 41. Qc2 Nd6 42. Rc3 Qe5 43. Rc5 Qd4 44. Qc3 Qxh4 45. Qb3 Nf7 46. Rc8 Qxg5
47. Qxe6 Kg7 48. Rc7 Qh5 49. a4 h6 50. Rb7 Qf3 51. Qb3 Qf5 52. Rb5 Qg4 53. Rb7
Qf5 54. Qc4 Bd6 55. Rb5 Be5 56. Qd5 Qc2 57. a5 h5 58. Rb7 Qa4+ 59. Kb1 Qf4 60.
Rxf7+ Qxf7 61. Qxe5+ 1-0

[Event "Open - Merged"]
[Site "Philadelphia"]
[Date "2001.07.07"]
[Round "6"]
[White "Bengtson, Matthew"]
[Black "Bonin, Jay R"]
[Result "1/2-1/2"]
[WhiteElo "2284"]
[BlackElo "2448"]
[PlyCount "74"]
[EventDate "2001.07"]

1. d4 Nf6 2. c4 g6 3. Nc3 Bg7 4. e4 d6 5. Nf3 O-O 6. Be2 e5 7. O-O exd4 8. Nxd4
Re8 9. f3 Nc6 10. Be3 Nh5 11. Qd2 Nxd4 12. Bxd4 Nf4 13. Rfd1 Bxd4+ 14. Qxd4
Nxe2+ 15. Nxe2 b6 16. Nc3 Bb7 17. Nd5 Bxd5 18. cxd5 Qg5 19. Rac1 Re7 20. Qd2
Qh4 21. Qf2 Qxf2+ 22. Kxf2 Rf8 23. Rd4 f5 24. Ke3 a5 25. a4 Kg7 26. Rdc4 Rff7
27. b3 Kf6 28. R1c2 h5 29. f4 fxe4 30. Rxe4 Kf5 31. Rxe7 Rxe7+ 32. Kf3 Re4 33.
Rc4 Re1 34. Rxc7 Rf1+ 35. Ke3 Re1+ 36. Kf3 Rf1+ 37. Ke3 Re1+ {Diagram #}
1/2-1/2

[Event "Open - Merged"]
[Site "Philadelphia"]
[Date "2001.07.07"]
[Round "6"]
[White "Doettling, Fabian"]
[Black "Wojtkiewicz, Alek"]
[Result "1-0"]
[WhiteElo "2587"]
[BlackElo "2692"]
[PlyCount "32"]
[EventDate "2001.07"]

1. d4 d5 2. c4 c6 3. e3 Bf5 4. Nc3 e6 5. Nf3 Nd7 6. Bd3 Bxd3 7. Qxd3 Ngf6 8.
O-O Bb4 9. Bd2 a5 10. Nb1 Bd6 11. Nc3 Bb4 12. Nb1 Be7 13. Nc3 O-O {Diagram #}
14. e4 Nc5 15. dxc5 dxe4 16. Qxd8 Bxd8 1-0

[Event "Open Section"]
[Site "Philadephia"]
[Date "2001.07.07"]
[Round "6"]
[White "Doettling, Fabian"]
[Black "Wojtkiewicz, Alexander"]
[Result "1-0"]
[WhiteElo "2587"]
[BlackElo "2692"]
[PlyCount "57"]
[EventDate "2001.07.21"]

1. d4 d5 2. c4 c6 3. e3 Bf5 4. Nc3 e6 5. Nf3 Nd7 6. Bd3 Bxd3 7. Qxd3 Ngf6 8.
O-O Bb4 9. Bd2 a5 10. Ne2 Bd6 11. Nc3 Bb4 12. Nb1 Be7 13. Nc3 O-O 14. e4 Nc5
15. dxc5 dxe4 16. Qxd8 Rfxd8 17. Be3 exf3 18. gxf3 Nd7 19. Na4 Ne5 20. Nb6
Nxf3+ 21. Kg2 Nh4+ 22. Kh1 Ra7 23. Rad1 Re8 24. f4 Nf5 25. Bf2 a4 26. Rd7 Rb8
27. Rfd1 Bf6 28. Rc7 {Diagram #} 28... Bd8 ({Fritz 5.32:} 28... h6 29. Rdd7 Rf8
30. Nc8 Ra8 31. Nb6 a3 32. b4 Rad8 33. Rxb7 {-0.25/12}) ({Fritz 5.32:} 28... h5
29. Rdd7 Bxb2 30. Nc8 Ra5 31. Nd6 Bc1 32. Nxf5 exf5 33. Rxf7 {-0.25/11}) 29.
Rc8 1-0

[Event "Open - Merged"]
[Site "Philadelphia"]
[Date "2001.07.07"]
[Round "6"]
[White "Donaldson, W John"]
[Black "Rensch, Daniel"]
[Result "1-0"]
[WhiteElo "2519"]
[BlackElo "2283"]
[PlyCount "78"]
[EventDate "2001.07"]

1. Nf3 c5 2. c4 Nc6 3. Nc3 g6 4. e3 d6 5. d4 cxd4 6. exd4 Bg7 7. h3 Bd7 8. Be2
Nf6 9. O-O O-O 10. d5 Nb4 11. Bg5 a5 12. Re1 Na6 13. Bf1 Nc5 14. b3 h6 15. Be3
Re8 16. Nd4 Rc8 17. Rc1 g5 18. a3 Na6 19. Qd2 Rf8 20. Bd3 Nc5 21. Bc2 e5 22.
dxe6 fxe6 23. Rcd1 Qe7 24. Nf5 exf5 25. Bxc5 Qf7 26. Bxd6 Rfd8 27. Be5 Re8 28.
Bxf6 Bxf6 29. Nd5 Be6 30. Nxf6+ Qxf6 31. Qxa5 f4 32. Rd6 Rc6 33. Rxc6 bxc6 34.
Qe5 Qf7 35. Qc3 Rd8 36. Be4 c5 37. Qe5 Rd2 38. Bf3 Bf5 39. Bd5 Rc2 1-0

[Event "Open - Merged"]
[Site "Philadelphia"]
[Date "2001.07.07"]
[Round "6"]
[White "Dougherty, Michael"]
[Black "Zaitshik, Gennadi"]
[Result "0-1"]
[WhiteElo "2346"]
[BlackElo "2568"]
[PlyCount "58"]
[EventDate "2001.07"]

1. e4 c5 2. Nf3 e6 3. d4 cxd4 4. Nxd4 a6 5. Nc3 b5 6. g3 Bb7 7. Bg2 b4 8. Na4
Nf6 9. Qd3 d5 10. e5 Nfd7 11. f4 Nc6 12. Be3 Nxd4 13. Bxd4 Bc6 14. b3 Bxa4 15.
bxa4 Bc5 16. f5 Bxd4 17. Qxd4 Qb6 18. O-O-O Rc8 19. fxe6 fxe6 20. Rhf1 Qxd4 21.
Rxd4 a5 22. Rf3 Rf8 23. Rdf4 Ke7 24. Bh3 g5 25. Rxf8 Rxf8 26. Rxf8 Nxf8 27. Kd2
Nd7 28. Ke3 Nxe5 29. Kd4 Kd6 0-1

[Event "Open - Merged"]
[Site "Philadelphia"]
[Date "2001.07.07"]
[Round "6"]
[White "Enkin, Max"]
[Black "Curdo, John A"]
[Result "1-0"]
[WhiteElo "2020"]
[BlackElo "2318"]
[PlyCount "79"]
[EventDate "2001.07"]

1. e4 Nc6 2. f4 e5 3. Nc3 Bc5 4. Nf3 d6 5. Na4 Nge7 6. Nxc5 dxc5 7. f5 g6 8.
Bc4 f6 9. g4 Qd6 10. d3 {Diagram #} 10... Bd7 11. Bh6 O-O-O 12. Bg7 h5 13. Bxh8
Rxh8 14. Nh4 hxg4 15. Nxg6 Nxg6 16. fxg6 Be6 17. Qd2 Rg8 18. O-O-O Rxg6 19. c3
Bd7 20. Rdf1 Na5 21. Rf2 b5 22. Bb3 b4 23. c4 Nc6 24. Ba4 Nd4 25. Bxd7+ Qxd7
26. Qd1 Qg7 27. Rg1 a5 28. Rg3 Kb7 29. Kb1 Qd7 30. h3 f5 31. exf5 Nxf5 32. Rxg4
Rf6 33. Qf3+ Ka7 34. Rg8 c6 35. Rg5 e4 36. Qxe4 Re6 37. Qxf5 Re1+ 38. Kc2 Qd4
39. Qf7+ Kb6 40. Rfg2 1-0

[Event "Open - Merged"]
[Site "Philadelphia"]
[Date "2001.07.07"]
[Round "6"]
[White "Filipovich, David"]
[Black "Saidy, Anthony"]
[Result "0-1"]
[WhiteElo "2243"]
[BlackElo "2426"]
[PlyCount "79"]
[EventDate "2001.07"]

1. Nf3 Nf6 2. g3 g6 3. Bg2 Bg7 4. O-O O-O 5. d4 d6 6. b3 c5 7. Bb2 cxd4 8. Nxd4
Qb6 9. c4 Nc6 10. e3 Bg4 11. Qd2 Rfc8 12. Nc3 Qa5 13. h3 Bd7 14. Qe2 Rab8 15.
Rfd1 Kf8 16. Nxc6 bxc6 17. e4 Ne8 18. Rac1 Nc7 19. c5 Ne8 20. cxd6 exd6 21. f4
Rd8 22. Kh2 Kg8 23. Re1 Nc7 24. Red1 Be6 25. Qd2 Ne8 26. Na4 Qxd2 27. Rxd2 Bxb2
28. Nxb2 c5 29. Rcd1 Kf8 30. e5 Ke7 31. Nd3 c4 32. bxc4 Bxc4 33. exd6+ Rxd6 34.
Ne5 Bb5 35. Rxd6 Nxd6 36. Rb1 Rc8 37. a4 Be8 38. Re1 Kf8 39. Rd1 Nf5 40. Rd2 {
Lost on time.} 0-1

[Event "Open - Merged"]
[Site "Philadelphia"]
[Date "2001.07.07"]
[Round "6"]
[White "Formanek, Edward W"]
[Black "Weber, Joseph V"]
[Result "1-0"]
[WhiteElo "2349"]
[BlackElo "2200"]
[PlyCount "55"]
[EventDate "2001.07"]

1. e4 c5 2. Nf3 d6 3. d4 cxd4 4. Nxd4 Nf6 5. Nc3 g6 6. Be3 Bg7 7. Qd2 Ng4 8.
Bg5 h6 9. Bh4 Nc6 10. Nb3 g5 11. Bg3 f5 12. exf5 Bxf5 13. h4 gxh4 14. Bxh4 Qd7
15. O-O-O O-O-O 16. Nd5 Nge5 17. f3 $2 Kb8 18. Ne3 Be6 19. Kb1 b6 20. Bb5 Qb7
21. Rhe1 a6 22. Bf1 Rhf8 23. Bf2 d5 24. Nd4 Nxd4 25. Qxd4 Bf6 26. Bg3 Qc7 27.
Ng4 Bxg4 28. fxg4 1-0

[Event "Open - Merged"]
[Site "Philadelphia"]
[Date "2001.07.07"]
[Round "6"]
[White "Gonzales, Jayson O"]
[Black "Shivaji, Shivku"]
[Result "1/2-1/2"]
[WhiteElo "2370"]
[BlackElo "2211"]
[PlyCount "99"]
[EventDate "2001.07"]

1. c4 e5 2. g3 Nc6 3. Bg2 f5 4. Nc3 Nf6 5. d3 Bb4 6. Bd2 O-O 7. Rc1 d6 8. Nf3
Bxc3 9. Bxc3 Qe8 10. b4 e4 11. Nd4 e3 12. fxe3 Ng4 13. Nc2 Nxe3 14. Nxe3 Qxe3
15. Qd2 Qe8 16. O-O Ne5 17. Rce1 Qh5 18. Qf4 Ng4 19. h3 Nf6 20. c5 dxc5 21.
Qxc7 cxb4 22. Bxf6 gxf6 23. Qc4+ Kh8 24. Qxb4 Rg8 25. Qd6 Qg6 26. Kh2 a5 27.
Qf4 Ra6 28. Rb1 Re6 29. Rf2 Rge8 30. e4 fxe4 31. Bxe4 Qg7 32. Rb5 Re5 33. Rxe5
fxe5 34. Qf7 Rg8 35. Qxg7+ Rxg7 36. Rb2 Rc7 37. g4 Kg7 38. Kg3 Kf6 39. Rb6+ Kg7
40. Rb5 Be6 41. Rxe5 Bxa2 42. Rxa5 Be6 43. Rb5 Bc8 44. Kf4 Rf7+ 45. Ke3 Re7 46.
Rb6 h5 47. Kf4 hxg4 48. hxg4 Kf8 49. Bg6 Rc7 50. Bf5 1/2-1/2

[Event "Open - Merged"]
[Site "Philadelphia"]
[Date "2001.07.07"]
[Round "6"]
[White "Kaufman, Lawrence"]
[Black "Ritvin, Stanislav"]
[Result "1-0"]
[WhiteElo "2461"]
[BlackElo "2310"]
[PlyCount "33"]
[EventDate "2001.07"]

1. c4 Nf6 2. Nc3 e6 3. e4 c5 4. e5 Ng8 5. Nf3 Nc6 6. d4 cxd4 7. Nxd4 a6 8. Nxc6
bxc6 9. Bd3 d6 10. exd6 Bxd6 11. O-O Nf6 12. Bg5 h6 13. Bxf6 Qxf6 14. Be4 Qe5
15. Bxc6+ Ke7 16. Nd5+ Kf8 17. f4 1-0

[Event "Open - Merged"]
[Site "Philadelphia"]
[Date "2001.??.??"]
[Round "6"]
[White "Markzon, Gregory"]
[Black "Sequera, Paolin"]
[Result "1/2-1/2"]
[WhiteElo "2288"]
[BlackElo "2467"]
[PlyCount "69"]
[EventDate "2001.07"]

1. e4 e6 2. d4 d5 3. Nc3 Bb4 4. e5 c5 5. a3 Bxc3+ 6. bxc3 Ne7 7. Nf3 b6 8. Bb5+
Nec6 9. a4 a6 10. Bd3 cxd4 11. cxd4 Nb4 12. Ba3 Nxd3+ 13. cxd3 Nc6 14. Qd2 Ne7
15. O-O O-O 16. Rfe1 Re8 17. Bd6 Ra7 18. Qc3 Rb7 19. a5 bxa5 20. Rxa5 Ra7 21.
Rc5 Bd7 22. Nd2 Nf5 23. Nb3 h5 24. Nd2 Bb5 25. Bc7 Qd7 26. Nf3 g5 27. Bd6 Nxd6
28. exd6 Qxd6 29. Nxg5 f6 30. Nf3 Rg7 31. Qd2 Kh7 32. g3 Reg8 33. Nh4 Rg4 34.
Rc7+ R8g7 35. Rxg7+ 1/2-1/2

[Event "Open - Merged"]
[Site "Philadelphia"]
[Date "2001.07.07"]
[Round "6"]
[White "Perelshteyn, Eugene"]
[Black "Shapiro, Daniel E"]
[Result "1-0"]
[WhiteElo "2500"]
[BlackElo "2280"]
[PlyCount "65"]
[EventDate "2001.07"]

1. e4 c5 2. Nf3 e6 3. d4 cxd4 4. Nxd4 a6 5. Nc3 b5 6. Bd3 Qb6 7. Nb3 Qc7 8. O-O
Bb7 9. Qe2 d6 10. f4 Nc6 11. Bd2 Nf6 12. a4 b4 13. Nd1 Be7 14. a5 O-O 15. Nf2
Rfe8 16. c3 bxc3 17. Bxc3 Nd7 18. Ng4 Qd8 19. Nh6+ Kf8 20. Qh5 g6 21. Qh3 Nf6
22. Rad1 d5 23. e5 Nh5 24. f5 exf5 25. Rxf5 f6 26. Rxh5 Bc8 27. Qg3 Be6 28.
Bxg6 hxg6 29. Qxg6 Bb4 30. Nf5 Bxf5 31. Rh8+ Ke7 32. Rh7+ Ke6 33. Qf7# 1-0

[Event "Open - Merged"]
[Site "Philadelphia"]
[Date "2001.??.??"]
[Round "6"]
[White "Pohl, Klaus A"]
[Black "Adamson, Robby"]
[Result "0-1"]
[WhiteElo "2255"]
[BlackElo "2388"]
[PlyCount "69"]
[EventDate "2001.07"]

1. e4 e6 2. Nf3 d5 3. exd5 exd5 4. d4 Bd6 5. c4 c6 6. Nc3 Ne7 7. Bg5 f6 8. Bh4
O-O 9. Be2 dxc4 10. Bxc4+ Kh8 11. O-O Nd7 12. Bg3 Nb6 13. Bb3 Bg4 14. Re1 Nbd5
15. Qe2 Bb4 16. h3 Bh5 17. Qd3 Re8 18. Re2 Bg6 19. Qd2 Qa5 20. Rc1 Rad8 21. Nh4
Bh5 22. Ree1 g5 23. Nf3 Bxf3 24. gxf3 Nf5 25. Re4 Rf8 26. Qd3 Nde7 27. Rce1 Ng6
28. Qc4 Bd6 29. Kg2 Bxg3 30. fxg3 Nd6 31. Qe6 Nxe4 32. fxe4 Qb4 33. d5 Rc8 34.
Qf5 cxd5 35. exd5 0-1

[Event "Open - Merged"]
[Site "Philadelphia"]
[Date "2001.07.07"]
[Round "6"]
[White "Simutowe, Amon"]
[Black "Rowley, Robert J"]
[Result "1-0"]
[WhiteElo "2570"]
[BlackElo "2302"]
[PlyCount "53"]
[EventDate "2001.07"]

1. d4 Nf6 2. c4 e6 3. Nc3 Bb4 4. e3 O-O 5. Nge2 d5 6. cxd5 Nxd5 7. a3 Nxc3 8.
Nxc3 Be7 9. Bd3 Nd7 10. O-O c5 11. d5 Nf6 12. Bc4 exd5 13. Nxd5 Bd6 14. h3 Rb8
15. a4 Be6 16. Nxf6+ Qxf6 17. Qxd6 Rfd8 18. Qxc5 Rbc8 19. Qxa7 Bxc4 20. Re1 Qc6
21. e4 Ra8 22. Qe3 Rxa4 23. Rxa4 Qxa4 24. Bd2 Qb3 25. Bc3 Rd1 26. Kh2 Rxe1 27.
Qd4 1-0

[Event "Open - Merged"]
[Site "Philadelphia"]
[Date "2001.07.07"]
[Round "6"]
[White "Smirin, Ilya"]
[Black "Blatny, Pavel"]
[Result "1-0"]
[WhiteElo "2784"]
[BlackElo "2602"]
[PlyCount "27"]
[EventDate "2001.07"]

1. e4 e5 2. Nf3 Nc6 3. Bb5 Nge7 4. O-O a6 5. Bc4 Ng6 6. d4 Be7 7. d5 Na5 8. Bd3
b6 9. Qe2 c5 10. c3 Qc7 11. Be3 c4 12. Bc2 Bb7 13. Rd1 O-O 14. Nbd2 {
The score sheet became illegible at this point.} 1-0

[Event "Open - Merged"]
[Site "Philadelphia"]
[Date "2001.07.07"]
[Round "6"]
[White "Smith, Bryan G"]
[Black "Rouleau, John S"]
[Result "0-1"]
[WhiteElo "2339"]
[BlackElo "2119"]
[PlyCount "68"]
[EventDate "2001.07"]

1. e4 e6 2. d3 d5 3. Nd2 Nf6 4. Ngf3 Bc5 5. e5 Nfd7 6. c3 O-O 7. d4 Be7 8. Bd3
c5 9. O-O Nc6 10. Re1 f6 11. exf6 Nxf6 12. Nf1 Qc7 13. Ng3 Bd6 14. Be3 b6 15.
dxc5 bxc5 16. c4 Rb8 17. b3 Kh8 18. Rc1 Ng4 19. Ng5 h5 20. h3 d4 21. hxg4 dxe3
22. Rxe3 Bf4 {Diagram #} 23. Qf3 Ne5 24. Rxe5 Qxe5 25. N5e4 Bb7 26. g5 g6 27.
Rf1 h4 28. Qg4 hxg3 29. Qh4+ Kg8 30. Nf6+ Rxf6 31. gxf6 gxf2+ 32. Rxf2 Be3 33.
f7+ Kf8 34. Qh6+ Bxh6 0-1

[Event "Open - Merged"]
[Site "Philadelphia"]
[Date "2001.07.07"]
[Round "6"]
[White "Solomon, Kenneth"]
[Black "Hodgson, Julian"]
[Result "0-1"]
[WhiteElo "2390"]
[BlackElo "2663"]
[PlyCount "150"]
[EventDate "2001.07"]

1. d4 d5 2. Nf3 c6 3. c4 Nf6 4. Nc3 a6 5. a4 e6 6. Bg5 Nbd7 7. e3 Qa5 8. Bxf6
Nxf6 9. Nd2 Bb4 10. Rc1 O-O 11. Bd3 c5 12. O-O cxd4 13. exd4 dxc4 14. Nxc4 Qd8
15. Bb1 Bd7 16. Qb3 Bxc3 17. bxc3 b5 18. axb5 Bxb5 19. Rfe1 Qd5 20. Ba2 Bxc4
21. Qxc4 Qxc4 22. Bxc4 Rfc8 23. Ba2 a5 24. Rc2 a4 25. Kf1 Nd5 26. Bxd5 exd5 27.
Ke2 Re8+ 28. Kd2 Rxe1 29. Kxe1 Kf8 30. Kd2 Ke7 31. Kc1 Kd6 32. Kb2 Kc6 33. c4
Ra7 34. c5 Rb7+ 35. Kc3 Rb3+ 36. Kd2 a3 37. Ra2 Kb5 38. Rc2 Rb4 39. c6 Rxd4+
40. Kc1 a2 41. Rxa2 Kxc6 42. Ra7 Rf4 43. f3 Kd6 44. Kd2 Ke6 45. Kd3 Rh4 46. h3
h5 47. Ra6+ Ke5 48. Ra7 Rf4 49. Ke3 h4 50. Kd3 g5 51. Rb7 f6 52. Re7+ Kf5 53.
Rd7 Ra4 54. Rxd5+ Kf4 55. Rd6 f5 56. Ke2 Ra2+ 57. Kf1 Ra1+ 58. Kf2 Ra2+ 59. Kf1
Kg3 60. Rg6 Rf2+ 61. Ke1 g4 62. fxg4 f4 63. Rf6 Rxg2 64. g5 Kf3 65. g6 Rg1+ 66.
Kd2 Rg3 67. Ra6 Rg5 68. Ra3+ Kg2 69. Ra4 f3 70. Rg4+ Rxg4 71. hxg4 f2 72. g7
f1=Q 73. g8=Q h3 74. Ke3 Qf3+ 75. Kd4 h2 0-1

[Event "Open - Merged"]
[Site "Philadelphia"]
[Date "2001.07.07"]
[Round "6"]
[White "Solon, Nathan W"]
[Black "Delaune, Richard K"]
[Result "1-0"]
[WhiteElo "2219"]
[BlackElo "2385"]
[PlyCount "101"]
[EventDate "2001.07"]

1. d4 d5 2. c4 c6 3. Nf3 Nf6 4. Nc3 e6 5. Bg5 dxc4 6. e4 b5 7. e5 h6 8. Bh4 g5
9. Nxg5 hxg5 10. Bxg5 Nbd7 11. g3 Qa5 12. exf6 Ba6 13. a3 O-O-O 14. Bg2 Nc5 {
Diagram #} 15. dxc5 Rxd1+ 16. Rxd1 b4 17. axb4 Qxb4 18. O-O Qxc5 19. Ne4 Qf5
20. Ra1 {Diagram #} 20... Bb7 21. Rxa7 Bc5 22. Rfa1 Bxf2+ 23. Nxf2 Qxg5 24.
Ra8+ Bxa8 25. Rxa8+ Kc7 26. Rxh8 Qxf6 27. Rh4 Qxb2 28. Rxc4 Qa1+ 29. Bf1 f5 30.
Rf4 Kd6 31. h4 Qb1 32. Kg2 c5 33. Bd3 Qb7+ 34. Kh2 Qg7 35. h5 Qh6 36. Be2 Ke7
37. Kg2 {Diagram #} 37... Qg5 38. Rh4 Qh6 39. Rf4 Qg5 40. Nd3 c4 41. Rxc4 Qe3
42. Nf4 Kd6 43. Ra4 e5 44. Ra6+ Kc5 45. Re6 Qe4+ 46. Kh2 Kd4 47. h6 Qb7 48. Nh3
Qb2 49. Ng1 e4 50. h7 Qb8 51. Rh6 1-0

[Event "Open - Merged"]
[Site "Philadelphia"]
[Date "2001.07.07"]
[Round "6"]
[White "Stein, Kurt W"]
[Black "Morrison, William"]
[Result "0-1"]
[WhiteElo "2214"]
[BlackElo "2408"]
[PlyCount "43"]
[EventDate "2001.07"]

1. e4 e5 2. Nf3 Nc6 3. d4 exd4 4. Bc4 Nf6 5. e5 d5 6. Bb5 Ne4 7. Nxd4 Bd7 8.
Bxc6 bxc6 9. Be3 Be7 10. O-O O-O 11. f3 Nc5 12. Nb3 Na4 13. Qd4 Nb6 14. N1d2 f6
15. f4 Bf5 16. Rad1 Qe8 17. h3 Qg6 18. Kh2 fxe5 19. fxe5 Bxc2 20. Rxf8+ Rxf8
21. Nc5 Bg5 22. b3 0-1